书目信息 |
| 题名: |
房屋建筑构造
|
|
| 作者: | 杨金铎 主编 | |
| 分册: | ||
| 出版信息: | 北京 中国建材工业出版社 2003.8 |
|
| 页数: | 466页 | |
| 开本: | 26cm | |
| 丛书名: | ||
| 单 册: | ||
| 中图分类: | TU22 | |
| 科图分类: | ||
| 主题词: | 建筑构造--jian zhu gou zao--高等学校--教材 | |
| 电子资源: | ||
| ISBN: | 7-80159-493-2 | |
| 000 | 01011nam0 2200265 45 | |
| 001 | 012006000000 | |
| 005 | 20061115152521.07 | |
| 010 | @a7-80159-493-2@dCNY45.00 | |
| 100 | @a20060919e20062003em y0chiy0121 ea | |
| 101 | 0 | @achi |
| 102 | @aCN@b110000 | |
| 105 | @aak a 000yy | |
| 200 | 1 | @a房屋建筑构造@Afang wu jian zhu gou zao@f杨金铎主编 |
| 205 | @a修订版 | |
| 210 | @a北京@c中国建材工业出版社@d2003.8@h2006.6重印 | |
| 215 | @a466页@c图@d26cm | |
| 300 | @a高等学校教学一级注册建筑师考试参考用书 全面使用新标准新规范 全新反映新构造新做法 | |
| 320 | @a有书目 (第466页) | |
| 330 | @a本书共分绪论、砌体结构的建筑构造、框架结构的建筑构造、高层建筑的建筑构造、特殊结构的建筑构造、民用建筑设计的基本知识、单层工业厂房的建筑构造和附录等8大部分。 | |
| 333 | @a阅读对象: 相关专业的师生、注册建筑师、注册结构工程师、建筑设计人员 | |
| 606 | 0 | @a建筑构造@Ajian zhu gou zao@x高等学校@j教材 |
| 690 | @aTU22@v4 | |
| 701 | 0 | @a杨金铎@Ayang jin duo@4主编 |
| 801 | 0 | @aCN@c20061115 |
| 905 | @apdsgxy@dTU22@eY200 | |
| 房屋建筑构造/杨金铎主编.-修订版.-北京:中国建材工业出版社,2003.8(2006.6重印) |
| 466页:图;26cm |
| 高等学校教学一级注册建筑师考试参考用书 全面使用新标准新规范 全新反映新构造新做法.-使用对象:阅读对象: 相关专业的师生、注册建筑师、注册结构工程师、建筑设计人员 |
| ISBN 7-80159-493-2:CNY45.00 |
| 本书共分绪论、砌体结构的建筑构造、框架结构的建筑构造、高层建筑的建筑构造、特殊结构的建筑构造、民用建筑设计的基本知识、单层工业厂房的建筑构造和附录等8大部分。 |
| ● |
| 相关链接 |
|
|
|
正题名:房屋建筑构造
索取号:TU22/Y200
 
预约/预借
| 序号 | 登录号 | 条形码 | 馆藏地/架位号 | 状态 | 备注 |
| 1 | 638397 | 206383974 | 建筑库101/101建筑库 46排3列1层/ [索取号:TU22/Y200] | 在馆 |